000 01403nam a2200229Ia 4500
003 Ost
005 20260507075558.0
008 260507s9999||||xx |||||||||||||| ||und||
020 _a9957380249
040 _cfsecg
041 _aara
082 _a500
100 _aابوالزيد، محمد خير
_eمؤلف
245 0 _aاساليب التحليل الاحصائي باستخدام برمجية SPSS /
_c محمد خير ابوالزيد
260 _aعمان:
_bدار جرير للنشر والتوزيع,
_c2005
300 _a320 صفحة؛
_bإيضاحات ؛
_c24 سم
504 _aمراجع ص.219
520 _aالاستبانة, أنواع المقاييس, الترميز اضافة الى قائمة variable view, التعامل مع ملف البيانات و تحريرها, قائمة Data, قائمة Transfofm كذلك الاحصاء الوصفي و كذا اختبار الفرضيات, اختبار العينة الاحادية, اختبار مقارنة بين عينتين, اختبار كاي سكوير, تحليل التباين الاحادي, تحليل التباين الثنائى, الارتباط و الانحدار البسيط و المتعدد, عرض البيانات - الاشكال البيانية و في الاخير عرض حالة علمية.
653 _aالتحليل الاحصائي
653 _aالحواسيب
942 _cكتاب
999 _c44986
_d44986